| 000 | 00700nam a22002057a 4500 | ||
|---|---|---|---|
| 999 |
_c13398 _d13398 |
||
| 003 | AR-CdUCM | ||
| 008 | 190415b ||||| |||| 00| 0 spa d | ||
| 040 |
_aMUNICIPALIDAD PROVINCIAL DEL CUSCO _cBIBLIOTECA MUNICIPAL DEL CUSCO |
||
| 082 |
_a C / 985.1 / _bP26 / 1967 |
||
| 100 |
_aParedes, Luis Felipe _916077 |
||
| 245 | _aHistoria de una revolución / | ||
| 260 |
_a Cuzco . _bGarsilaso, _c1967. |
||
| 300 |
_a42 páginas ; _c17 páginas ; |
||
| 505 | _aContenido : Historia de una revolución -- Antecedentes historicos -- La rebelión en Cotabambas ... | ||
| 650 |
_aHistoria _9246 |
||
| 650 |
_aRevolución _9844 |
||
| 650 |
_aCusco _9772 |
||
| 942 |
_2ddc _cLIBROS |
||
| 945 |
_arah _d15/04/2019 |
||